প্রাচীন ও মধ্যযুগের বাংলা সাহিত্য সাধারণ মানুষ / (Record no. 38259)
[ view plain ]
| 000 -LEADER | |
|---|---|
| fixed length control field | 01021nam a22002531a 4500 |
| 001 - CONTROL NUMBER | |
| control field | 38259 |
| 003 - CONTROL NUMBER IDENTIFIER | |
| rucl marc code | BD-RjUL |
| 005 - DATE AND TIME OF LATEST TRANSACTION | |
| control field | 20211209052747.0 |
| 008 - FIXED-LENGTH DATA ELEMENTS--GENERAL INFORMATION | |
| fixed length control field | 151018s1971 ii 000 0 ben |
| 035 ## - SYSTEM CONTROL NUMBER | |
| System control number | (BD-RjUL)38364 |
| 040 ## - CATALOGING SOURCE | |
| Original cataloging agency | DLC |
| Transcribing agency | NN |
| Modifying agency | DLC |
| -- | BD-RjUL |
| Language of cataloging | ben |
| 041 ## - LANGUAGE CODE | |
| Language code of text/sound track or separate title | ben |
| 082 ## - DEWEY DECIMAL CLASSIFICATION NUMBER | |
| Edition number | 22 |
| Classification number | 891.4409 |
| Author mark and year | SEP 1971 |
| 100 1# - MAIN ENTRY--PERSONAL NAME | |
| Personal name | সেন, উমা |
| 9 (RLIN) | 118277 |
| 245 10 - TITLE STATEMENT | |
| Title | প্রাচীন ও মধ্যযুগের বাংলা সাহিত্য সাধারণ মানুষ / |
| Statement of responsibility, etc. | উমা সেন |
| 260 ## - PUBLICATION, DISTRIBUTION, ETC. (IMPRINT) | |
| Place of publication, distribution, etc. | কলকাতা : |
| Name of publisher, distributor, etc. | জিজ্ঞাসা, |
| Date of publication, distribution, etc. | ১৯৭১. |
| 300 ## - PHYSICAL DESCRIPTION | |
| Pagination | ১৩, ২৪৬ পৃ. ; |
| Size | ২২ সেমি. |
| 500 ## - GENERAL NOTE | |
| General note | In Bengali. |
| General note | "Nibandhaṭi 1969 sāle [Biśvabhāratī] Biśvabidyālaẏera Pi-eicha. Ḍi.-ra upādhi lābhera yogya gabeshaṇānibandha rūpe svīkr̥ti lābha kare." |
| 650 #0 - SUBJECT ADDED ENTRY--TOPICAL TERM | |
| Topical term or geographic name as entry element | Bengali literature |
| General subdivision | History and criticism. |
| 9 (RLIN) | 117020 |
| 942 ## - ADDED ENTRY ELEMENTS (KOHA) | |
| Source of classification or shelving scheme | Dewey Decimal Classification |
| Koha item type | Books |
| Lost status | Source of classification or shelving scheme | Damaged status | Not for loan | Permanent Location | Current Location | Shelving location | Date acquired | Source of acquisition | Cost, normal purchase price | Total Checkouts | Full call number | Date last seen | Date checked out | Copy number | Koha item type |
|---|---|---|---|---|---|---|---|---|---|---|---|---|---|---|---|
| Dewey Decimal Classification | Central Library, University of Rajshahi | Central Library, University of Rajshahi | 07/03/1983 | Tulip Enterprize, Dhaka | 12.00 | 1 | B 891.4409 SEP 1971 | 28/01/2016 | 18/10/2015 | C-3 | Books |